00233 a2200109 4500001000700000020000600007040001100013100002300024240003600047245003100083362000900114169540 a  cMagnum aOtero, Oliveros F.10aLa educacion como rebeldialESP10aLa educacion como rebeldia0 a1899